000 00625nam a22001937a 4500
005 20251108171016.0
008 250721s9999 xx 000 0 ara d
082 1 4 _a956.06371/جمي
100 1 _aجميعان، ميخائيل
245 1 0 _aالمؤثرات الثقافية الشرقية على الحضارة الغربية من خلال الحروب الصليبية /
264 1 _aعمان :
_bالمؤلف،
_c[19-].
300 _a342ص.
650 1 7 _aالعرب
650 1 7 _aالتاريخ
650 1 7 _aالصليبيون
650 1 7 _aالحروب الصليبية
942 _2ddc
_cBK
999 _c54256
_d54256